000 00647nam a22001937a 4500
999 _c185121
_d185121
005 20220128120218.0
010 _aUR-11412
020 _c278.00
_a9789387829008
035 _aU-9967
037 _bDBAD/PUB
_adpl
082 _a843.8
100 _aا يم عظيم ا للہ
245 _aمتعلقا ت فکشن
_cا يم عظيم ا للہ
246 _b‏Motalleqat-e-Fiction (Urdu)
_aby M.Azeemullah
260 _aDelhi
_bEducational Publishing House
_c2017 ء
270 _a3191,Vakil Street,Kucha Pandit,Lal Kuan,
_bDelhi
_e110006
_k23216162
_l-
300 _a472 ص
_c22 Cm(Hb)
942 _2ddc
_cUR
_h843.8
_mا ي م